| 000 | 00780nam a2200253Ia 4500 | ||
|---|---|---|---|
| 003 | OSt | ||
| 005 | 20221005062259.0 | ||
| 006 | a|||||r|||| 00| 0 | ||
| 007 | ta | ||
| 008 | 221004b |||||||| |||| 00| 0 eng d | ||
| 020 |
_a9780367432157 (hbk) _cINR 995.00 |
||
| 024 | _a64597 | ||
| 037 |
_b055, 19/12/2019, Classic Book Service _cTextual |
||
| 040 |
_aCRL _cCRL _beng |
||
| 041 |
_2eng _aeng |
||
| 082 | _aV2y7M69, Q0 | ||
| 100 |
_aBanerjee Samir Au. _9306508 |
||
| 245 | 0 |
_aTracing Gandhi _b satyarthi to satyagrahi |
|
| 260 |
_aLondon _bRoutledge UK _c2020 |
||
| 300 |
_aix,205p. _ccm. |
||
| 650 |
_aGANDHI, MAHATAMA _94156 |
||
| 942 |
_hV2y7M69, Q0 _cTEXL _2cc |
||
| 999 |
_c969438 _d969438 |
||